书目信息 |
| 题名: |
胡适卷
|
|
| 作者: | 沈卫威 , 海波 , 徐兰珍 编著 | |
| 分册: | ||
| 出版信息: | 北京 蓝天出版社 2008.04 |
|
| 页数: | 235页 | |
| 开本: | 23cm | |
| 丛书名: | 速读中国现当代文学大师与名家丛书 | |
| 单 册: | ||
| 中图分类: | I206.6 | |
| 科图分类: | ||
| 主题词: | 文学--中国 | |
| 电子资源: | ||
| ISBN: | 978-7-80158-351-2 | |
| 000 | 00740nam 2200253 450 | |
| 001 | 0100024959 | |
| 005 | 20111229173939.34 | |
| 010 | @a978-7-80158-351-2@dCNY32.00 | |
| 100 | @a20081119d2006 em y0chiy0121 ea | |
| 101 | @achi | |
| 105 | @ay z 000yy | |
| 200 | 10 | @a胡适卷@9hu shi juan@f沈卫威, 海波, 徐兰珍编著@Fshen wei wei,hai bo,xu lan zhen bian zhu |
| 210 | @a北京@c蓝天出版社@d2008.04 | |
| 215 | @a235页@d23cm | |
| 225 | @a速读中国现当代文学大师与名家丛书 | |
| 540 | @a胡适卷 | |
| 606 | @a文学@x中国 | |
| 690 | @aI206.6@v4 | |
| 701 | 0 | @a沈卫威@9shen wei wei@4编著 |
| 701 | 0 | @a海波@Ahai bo@4编著 |
| 701 | 0 | @a徐兰珍@Axu lan zhen@4编著 |
| 801 | @aCN@c20111229 | |
| 901 | @a000004 | |
| 905 | @b687977-81@dI206.6@eS420@f3 | |
| 胡适卷/沈卫威, 海波, 徐兰珍编著.-北京:蓝天出版社,2008.04 |
| 235页;23cm.-(速读中国现当代文学大师与名家丛书) |
| ISBN 978-7-80158-351-2:CNY32.00 |
| ● |
| 相关链接 |
|
|
|
正题名:胡适卷
索取号:I206.6/S420
 
预约/预借
| 序号 | 登录号 | 条形码 | 馆藏地/架位号 | 状态 | 备注 |
| 1 | 1188555 | 211885557 | 社科二线422/422社科库 25排3列3层/ [索取号:I206.6/S420] | 在馆 | |
| 2 | 1188556 | 211885566 | 文学库108/108文学库 6排3列2层/ [索取号:I206.6/S420] | 在馆 | |
| 3 | 1188557 | 211885575 | 文学库108/108文学库 6排3列2层/ [索取号:I206.6/S420] | 在馆 |